| 000 | 00371nam a2200157Ia 4500 | ||
|---|---|---|---|
| 008 | 230312s9999||||xx |||||||||||||| ||und|| | ||
| 020 | _a0-7645-0611-0 | ||
| 082 |
_a004-6 _bMAJ-M |
||
| 100 | _aKen Majors | ||
| 245 | 0 | _aMCSE Windows NT Server 4 | |
| 260 |
_bIDG BOOKS _aNew York _c1999 |
||
| 300 | _a474 | ||
| 546 | _aEng. | ||
| 650 |
_aComputer _vNT server |
||
| 942 | _cBK | ||
| 999 |
_c3509 _d3509 |
||